000 01315nam a2200313 i 4500
003 EG-GICUC
005 20260121101441.0
008 251208s2006 ua ||||fr|||| 00| 0 ara d
040 _a EG-GICUC
_bara
_c EG-GICUC
_d EG-GICUC
_erda
041 0 _aara
082 0 4 _221
_a343.52
_bم ن , م
092 0 4 _221
099 _aLaw1 10 343.52 م ن ,م 2006
100 0 _aمنتصر سعيد حموده
_eمؤلف.
245 1 2 _aالمحكمة الجنائية الدولية :
_b/ النظرية العامة للجريمة الدولية أحكام القانون الدولي الجنائي دراسة تحليلية
_cدكتور منتصر سعيد حمودة .
264 1 _aالاسكندرية :
_bدار الجامعة الجديدة للنشر ,
_c2006 .
300 _a402؛ صفحة
_bإيضاحيات، صور، مثيليات ؛
_c24 سم
336 _2rda content
_atext
337 _2rda media
_aComputer
338 _2rda carrier
_aOnline Resource
504 _a. 240-220 ببليوجرافيا: صفحات.
650 1 4 _aالقانون الدولي الجنائي
_2qrmak
650 1 4 _aالجريمةالدولية
650 1 4 _aالقانون الجنائي
651 1 _2qrmak
856 4 0 _uhttps://fll.law.cu.edu.eg/fulltext/bks/B10-06716.pdf
905 _a70
942 _2ddc
_cBK
_e21
_n0
999 _c49116
_d49116